|
|
แสดงรายละเอียดบรรณานุกรม |
|
|
Brief Record
: Get Marc (ISO 2709)
: E-mail record
: |
|
|
| LEADER 00000nam 2200000uu 4500 | |||
| 001 212029 | |||
| 003 ULIBM | |||
| 008 020711s2560 th a 000 0 tha d | |||
| 020 9786164456099 | |||
| 041 ^atha^beng | |||
| 060 4 W84 จ337ก 2560 | |||
| 100 จารุวรรณ ธาดาเดช | |||
| 245 การวางแผนพัฒนาสุขภาพและการจัดการ/^cจารุวรรณ ธาดาเดช, ปิยธิดา ตรีเดช | |||
| 250 พิมพ์ครั้งที่ 2 (ฉบับปรับปรุง) | |||
| 260 กรุงเทพฯ :^bโรงพิมพ์แห่งจุฬาลงกรณ์มหาวิทยาลัย,^c2560 | |||
| 300 236 หน้า :^bภาพประกอบ ;^c26 ซม. | |||
| 650 4 การบริหารสาธารณสุข^zไทย | |||
| 650 4 ^aสาธารณสุข^zไทย | |||
| 700 0 ^aปิยธิดา ตรีเดช | |||
| 710 2 ^aมหาวิทยาลัยมหิดล. คณะพยาบาลศาสตร์. ภาควิชาบริหารงานสาธารณสุข. | |||
| 856 ^zการวางแผนพัฒนาสุขภาพ.pdf (สารบัญหนังสือ)^uhttp://122.155.223.194/ULIB62015//_fulltext/5/212029/20210422192440_2870.pdf | |||
| 999 ^aใช้งานได้ทุกระบบ | |||
| คุณยังไม่ได้ล็อกอิน คุณสามารถมีกิจกรรมร่วมกับเว็บไซต์ได้ แต่ต้องล็อกอินก่อน :: |
|
| สถานะ | |||||||||
| 1. | การพยาบาล (ตำราหลัก) | W84 จ337ก 2560 ฉ.1 | On Shelf ขอยืม | ||||||
| Note:จัดซื้อปีงบประมาณ 2561 | |||||||||
| 2. | การพยาบาล (ตำราหลัก) | W84 จ337ก 2560 ฉ.2 | On Shelf ขอยืม | ||||||
| Note:จัดซื้อปีงบประมาณ 2561 | |||||||||
| 3. | การพยาบาล (ตำราหลัก) | W84 จ337ก 2560 ฉ.3 | On Shelf ขอยืม | ||||||
| Note:จัดซื้อปีงบประมาณ 2561 | |||||||||
| 4. | การพยาบาล (ตำราหลัก) | W84 จ337ก 2560 ฉ.4 | On Shelf ขอยืม | ||||||
| Note:จัดซื้อปีงบประมาณ 2561 | |||||||||
| 5. | การพยาบาล (ตำราหลัก) | W84 จ337ก 2560 ฉ.5 | On Shelf ขอยืม | ||||||
| Note:จัดซื้อปีงบประมาณ 2561 | |||||||||
| [แสดง 5/5 รายการ] | |||||||||
BibComment |
| คอมเมนท์ทรัพยากรรายการนี้ |
|
|